LEADER 00963nam0-22002891i-450- 001 990005785160403321 005 20120427102628.0 035 $a000578516 035 $aFED01000578516 035 $a(Aleph)000578516FED01 035 $a000578516 100 $a19990604d1883----km-y0itay50------ba 101 0 $alat 102 $aFR 105 $ay-------001yy 200 1 $a<>registres de Benoit XI$erecueil des bulles de ce pape publièes ou analysèes d'après les manuscrits originaux des archives du Vatican$fpar Ch. Grandjean 210 $aParis$cErnest Thorin$d1883 215 $a1148 p.$d33 cm 225 1 $aBibliothèque des Écoles françaises d'Athènes et de Rome$i2. série$v14 700 0$aBenedictus$dXI,$cpapa$0220453 801 0$aIT$bUNINA$gRICA$2UNIMARC 901 $aBK 912 $a990005785160403321 952 $a262.13 BEFAR BENEDICTUS XI 1$bs.i.$fFLFBC 959 $aFLFBC 996 $aRegistres de Benoit XI$9568822 997 $aUNINA LEADER 01457nam--2200385---450- 001 990003641570203316 005 20120321121210.0 010 $a978-88-6032-192-3 035 $a000364157 035 $aUSA01000364157 035 $a(ALEPH)000364157USA01 035 $a000364157 100 $a20120321d2011----km-y0itay50------ba 101 $aeng$aita 102 $aIT 105 $a||||||||001yy 200 1 $aBeyond futurism$eFilippo Tommaso Marinetti, writer$efor the centennial anniversary of the italian Avant-Garde$dAl di là del futurismo$eFilippo Tommaso Marinetti, scrittore$eper il centenario dell'Avanguardia italiana$eatti del Convegno internazionale di studi, Columbia University, New York, 12-13 novembre 2009$fa cura di Gino Tellini e Paolo Valesio 210 $aFirenze$cSocietà editrice fiorentina$d2011 215 $aXIII, 245 p.$cill.$d22 cm 225 2 $aBiblioteca Palazzeschi$v9 410 0$12001$aBiblioteca Palazzeschi$v9 510 1 $aAl di là del futurismo 600 1$aMarinetti,$bFilippo Tommaso$xAtti di congressi$2BNCF 676 $a858.91209 702 1$aTELLINI,$bGino 702 1$aVALESIO,$bPaolo 801 0$aIT$bsalbc$gISBD 912 $a990003641570203316 951 $aVI.3.B. 4223$b7021 L.G.$cVI.3.B.$d00308743 959 $aBK 969 $aUMA 979 $aIANNONE$b90$c20120321$lUSA01$h1210 979 $aIANNONE$b90$c20120321$lUSA01$h1212 996 $aBeyond futurism$91138093 997 $aUNISA